000 00389cam a22001097a 4500
008 180718b1968 xxu||||| |||| 00| 0 eng d
082 _aB7303x5412 B436r/1963
100 _aWest Bengal. Local Self-Government Department
245 _aModel rules and model by-laws under the Bengal Municipal Act, 1932 (corrected up to 30th June 1963)
260 _aCalcutta
_bThe author
_c1968
300 _a71p.
999 _c488717
_d488717